Energy for rail motive power: economic options in present Indian railway scenario (Record no. 485660)

000 -LEADER
fixed length control field 00438cam a22001337a 4500
008 - FIXED-LENGTH DATA ELEMENTS--GENERAL INFORMATION
fixed length control field 180718b1998 xxu||||| |||| 00| 0 eng d
082 ## - DEWEY DECIMAL CLASSIFICATION NUMBER
Classification number APPPA 1997-98 JOH/12
100 ## - MAIN ENTRY--PERSONAL NAME
Personal name Johri, Alok
245 ## - TITLE STATEMENT
Title Energy for rail motive power: economic options in present Indian railway scenario
Statement of responsibility, etc. by Alok Johri
260 ## - PUBLICATION, DISTRIBUTION, ETC.
Place of publication, distribution, etc. New Delhi
Name of publisher, distributor, etc. Indian Institute of Public Administration
Date of publication, distribution, etc. 1998
300 ## - PHYSICAL DESCRIPTION
Extent v.p.
650 ## - SUBJECT ADDED ENTRY--TOPICAL TERM
Topical term or geographic name entry element APPPA
650 ## - SUBJECT ADDED ENTRY--TOPICAL TERM
Topical term or geographic name entry element Railways - India
Holdings
Withdrawn status Lost status Damaged status Not for loan Permanent Location Current Location Date acquired Full call number Barcode Date last seen Price effective from Koha item type
        Indian Institute of Public Administration Indian Institute of Public Administration 2018-08-04 APPPA 1997-98 JOH/12 GR14763 2018-08-04 2018-08-04 GR

Powered by Koha